| 000 | 00000nam##2200000za#4500 |
| 001 | 9.609569 |
| 003 | CaOODSP |
| 005 | 20200401020955 |
| 007 | ta |
| 008 | 150406|1989||||xxc||||| f|0| 0 eng|d |
| 022 | |a0706-6457 |
| 040 | |aCaOODSP|beng |
| 043 | |an-cn--- |
| 086 | 1 |aFs97-6/1681E |
| 110 | 1 |aCanada. |bDepartment of Fisheries and Oceans. |
| 245 | 10|aPhysical effects of suspended solids on marine and estuarine fish and shellfish, with special reference to ocean dumping: a literature review / |cby J. A. Appleby and D. J. Scarratt. |
| 260 | |aOttawa - Ontario : |bFisheries and Oceans Canada |c1989. |
| 300 | |a33p. : |btables ; |c28 cm. |
| 490 | 1 |aCanadian technical report of fisheries and aquatic sciences|x0706-6457|v1681 |
| 500 | |aPrepared in the Biological Sciences Branch, Department of Fisheries and Oceans, Halifax, Nova Scotia B3J 2S7. |
| 504 | |aBibliography. |
| 546 | |aRésumés en français |
| 563 | |aSoftcover |
| 720 | 1 |aAppleby, J. A. |
| 720 | 1 |aScarratt, D. J. |
| 776 | 0#|tPhysical effects of suspended solids on marine and estuarine fish and shellfish, with special reference to ocean dumping : |w(CaOODSP)9.573750 |
| 830 | #0|aCanadian technical report of fisheries and aquatic sciences,|x0706-6457|v1681|w(CaOODSP)9.514691 |